| 000 | 00859nam a22002537a 4500 | ||
|---|---|---|---|
| 999 |
_c8264 _d8264 |
||
| 003 | GBCCL | ||
| 005 | 20241126110647.0 | ||
| 008 | 190923b ||||| |||| 00| 0 eng d | ||
| 020 | _a0687171849 | ||
| 040 | _cgbc | ||
| 050 | 0 | 0 |
_aBT21.2 _b.G6 1987 |
| 082 | 0 | 0 |
_a230.09 _219 _bGON |
| 100 | 1 |
_aGonzález, Justo L. _9913 |
|
| 245 | 1 | 2 |
_aA history of Christian thought : _bfrom the Protestant reformation to the twentieth century / _cJusto L. González. |
| 250 | _aRevised edition | ||
| 260 |
_aNashville : _bAbingdon Press, _cc1987. |
||
| 300 |
_av.3 , 496p. ; _c23 cm. |
||
| 504 | _aIncludes bibliographies and indexes. | ||
| 505 | 0 | _av. 3. From the Protestant Reformation to the twentieth century. | |
| 650 | 0 |
_aTheology, Doctrinal _xHistory. _91920 |
|
| 906 |
_a7 _bcbc _corignew _d2 _encip _f19 _gy-gencatlg |
||
| 942 |
_2ddc _cBK _014 |
||